Teams who have won MLS Cup - Statistics

General Stats
  • This quiz has been taken 15 times
  • The average score is 10 of 16
Answer Stats
Hint Answer % Correct
5 LA Galaxy (2002, 2005, 2011, 2012, 2014)
100%
1 Los Angeles FC (2022)
91%
1 Atlanta United (2018)
73%
4 DC United (1996, 1997, 1999, 2004)
73%
1 Portland Timbers (2015)
73%
2 Columbus Crew (2008, 2020)
64%
2 Houston Dynamo (2006, 2007)
64%
1 Chicago Fire (1998)
55%
1 Colorado Rapids (2010)
55%
1 Kansas City Wizards (2000)
55%
2 San Jose Earthquakes (2001, 2003)
55%
2 Seattle Sounders (2016, 2019)
55%
1 Sporting Kansas City (2013)
55%
1 NYCFC (2021)
45%
1 Real Salt Lake (2009)
45%
1 Toronto FC (2017)
45%
No matching quizzes found
Score Distribution
Percent of People with Each Score
Percentile by Number Answered
Your Score History
You have not taken this quiz